| 000 | 00430nam a2200145Ia 4500 | ||
|---|---|---|---|
| 008 | 151015s9999 xx 000 0 und d | ||
| 020 | _a9.7800714624e+012 | ||
| 050 | _aHB 172 .S139 2006 | ||
| 245 | _aSalvatore , Dominick | ||
| 250 | _a_Microeconomics (4th ed.)/ Dominick Salvatore | ||
| 300 | _aNew York : McGraw Hill , 2006 | ||
| 500 | _aIncludes index | ||
| 650 | _a_Microeconomics | ||
| 700 | _a^d20130509 12:56:23^oanne | ||
| 999 |
_c4192 _d4192 |
||